Schwedische Wörter ins Deutsche übersetzen - Statistiken

Allgemein
  • Dieses Quiz wurde 47 mal gespielt
  • Das Durchschnittsergebnis liegt bei 10 aus 15
Antwortstatistiken
Hint Antwort % Korrekt
Dag Tag
95%
Hej Hallo
93%
Hus Haus
93%
Man Mann
93%
Tisdag Dienstag
88%
Tyskland deutschland
86%
Katt Katze
81%
Dansa Tanzen
79%
tillsammans zusammen
63%
so
53%
Kvinna Frau
49%
Och und
42%
Pojken Junge
35%
Pengar Geld
33%
gjort geschafft
0%
Keine übereinstimmenden Quizze gefunden
Verteilung der Resultate
Anzahl Personen mit jedem Resultat
Perzentil nach korrekt beantworteten Fragen
Ihre Resultats-Entwicklung
Sie haben dieses Quiz noch nicht gespielt